000
00303nam a2200133Ia 4500
008
190216s9999||||xx |||||||||||||| ||und||
100
_a
Channon.J.B-Mcleish Smith.A
245
0
_a
School Algebra
250
_a
FIRST
260
_b
Longmans
_c
1963
300
_a
430
650
_a
Mathematics
942
_c
BK
999
_c
30465
_d
30465